Բովանդակութիւն գիտութեանց եւ արուեստից, որ է բնական, բարոյական, պատմական, ուսումնական ու արուեստական գիտելեաց համառօտ նկարագիրը / (Record no. 154843)
[ view plain ]
| 000 -LEADER | |
|---|---|
| fixed length control field | 00982nam a2200217 a 4500 |
| 001 - CONTROL NUMBER | |
| control field | 000407404 |
| 003 - CONTROL NUMBER IDENTIFIER | |
| control field | AM-YeHGA |
| 005 - DATE AND TIME OF LATEST TRANSACTION | |
| control field | 20250618072411.0 |
| 008 - FIXED-LENGTH DATA ELEMENTS--GENERAL INFORMATION | |
| fixed length control field | 050203s1861 au r 000 0 arm d |
| 040 ## - CATALOGING SOURCE | |
| Original cataloging agency | AM-YeHGA |
| 041 0# - LANGUAGE CODE | |
| Language code of text/sound track or separate title | arm |
| 090 ## - LOCALLY ASSIGNED LC-TYPE CALL NUMBER (OCLC); LOCAL CALL NUMBER (RLIN) | |
| -- | 156241 |
| 100 1# - MAIN ENTRY--PERSONAL NAME | |
| Personal name | Գաֆթանճյան, Եղիշե, |
| Dates associated with a name | 1828-1913 |
| 245 10 - TITLE STATEMENT | |
| Title | Բովանդակութիւն գիտութեանց եւ արուեստից, որ է բնական, բարոյական, պատմական, ուսումնական ու արուեստական գիտելեաց համառօտ նկարագիրը / |
| Statement of responsibility, etc. | Աշախատասիր.՝ Հ. Եղիշէ Վ. Գաֆտանճեան Մխիթ. ուխտէն. |
| 260 ## - PUBLICATION, DISTRIBUTION, ETC. | |
| Place of publication, distribution, etc. | Վիէննա : |
| Name of publisher, distributor, etc. | տպ. Մխիթարեանց, |
| Date of publication, distribution, etc. | 1861. |
| 300 ## - PHYSICAL DESCRIPTION | |
| Extent | 190 էջ ; |
| Dimensions | 17 սմ. |
| 650 14 - SUBJECT ADDED ENTRY--TOPICAL TERM | |
| Topical term or geographic name entry element | Գիտություն |
| 9 (RLIN) | 4659 |
| 650 14 - SUBJECT ADDED ENTRY--TOPICAL TERM | |
| Topical term or geographic name entry element | Արվեստ |
| 856 41 - ELECTRONIC LOCATION AND ACCESS | |
| Uniform Resource Identifier | <a href="http://greenstone.flib.sci.am/gsdl/collect/haygirq/book/bovandakutyun_gitutyanc.pdf">http://greenstone.flib.sci.am/gsdl/collect/haygirq/book/bovandakutyun_gitutyanc.pdf</a> |
| Link text | Կարդալ առցանց |
| 942 ## - ADDED ENTRY ELEMENTS (KOHA) | |
| Source of classification or shelving scheme | Universal Decimal Classification |
| Koha item type | Գրքեր / Books |
| Withdrawn status | Lost status | Source of classification or shelving scheme | Damaged status | Not for loan | Collection | Home library | Current library | Date acquired | Total checkouts | Full call number | Barcode | Date last seen | Price effective from | Koha item type | Public note |
|---|---|---|---|---|---|---|---|---|---|---|---|---|---|---|---|
| Universal Decimal Classification | Agulian Individual Collection | Fundamental Scientific Library | Fundamental Scientific Library | 28/12/2016 | Agul/85 | FL0080936 | 28/12/2016 | 28/12/2016 | Գրքեր / Books | ILL Non-Circ. |
ՀՀ Գիտությունների ազգային ակադեմիայի հիմնարար գիտական գրադարան = Fundamental Scientific Library of NAS RA
All site content, except where otherwise noted, is licensed under a